000 00965cam a22002771 4500
001 gs 62000245
003 DLC
005 20260227111411.0
008 780330s1962 dcua f000 0 eng
010 _ags 62000245
035 _a(OCoLC)3763299
040 _aDLC
_cUSlW
_dISS
_dOCoLC
_dDLC
042 _apremarc
050 0 0 _aQE75
_b.P9 no. 389
086 0 _aI 19.16:389
100 1 _aAveritt, Paul,
_d1908-
245 1 0 _aGeology and coal resources of the Cedar Mountain quadrangle, Iron County, Utah.
260 _aWashington,
_bU.S. Govt. Print. Off.,
_c1962.
300 _aiv, 72 p.
_billus., maps (1 col.) diagrs., tables.
_c30 cm.
410 2 0 _aGeological Survey (U.S.).
_tProfessional paper
_v389
500 _aPart of illustrative matter fold. in pocket.
504 _aBibliography: p. 67-69.
650 0 _aCoal
_zUtah
_zCedar Mountain quadrangle.
650 0 _aGeology
_zUtah
_zCedar Mountain quadrangle.
740 0 _aCedar Mountain quadrangle, Utah.
999 _c29642
_d29642